Lokalizačné faktory mimovládnych neziskových organizácii na Slovensku bakalárska práca

Salvato in:
Dettagli Bibliografici
Autore principale: Hnilicová, Veronika
Ente Autore: Národohospodárska fakulta EU. Katedra verejnej správy a regionálneho rozvoja
Altri autori: Johanesová, Lucia, 1988-
Natura: Libro
Lingua:slovacco
Pubblicazione: Bratislava 2025
Tags: Aggiungi Tag
Nessun Tag, puoi essere il primo ad aggiungerne!!

MARC

LEADER 00000nbm a2200000 4500
001 0309498
005 20260205140531.1
041 0 |a slo 
044 |a SK 
245 1 0 |a Lokalizačné faktory mimovládnych neziskových organizácii na Slovensku  |b bakalárska práca  |c Veronika Hnilicová ; školiteľ: Lucia Johanesová 
264 1 |a Bratislava  |c 2025 
300 |a 48 s. 
100 1 |a Hnilicová, Veronika 
700 1 |a Johanesová, Lucia, 1988- 
710 2 |a Národohospodárska fakulta EU. Katedra verejnej správy a regionálneho rozvoja